Statistics for My favourite NBA player all time

Click here to take the quiz!

General Stats

  • This quiz has been taken 5 times
  • The average score is 3 of 10

Answer Stats

RankPlayer% Correct
1Stephen Curry
75%
8Giannis Antetokounmpo
50%
6Luka Doncic
50%
7Anthony Davis
25%
3Kevin Durant
25%
4Russell Westbrook
25%
2Shaquille O’neal
25%
5Tim Duncan
25%
10Chris Paul
0%
9Dirk Nowitzki
0%

Score Distribution

Percentile by Number Answered

Percent of People with Each Score

Your Score History

You have not taken this quiz